000 00403nam a2200181Ia 4500
001 1180
005 20260306140613.0
008 260306t1998||||xx |||||||||||||| ||spa||
041 _aESP
082 _a188
_bS38
100 _aSéneca, Lucio Anneo
_eAUT
245 0 _aTratados filosóficos:
_bcartas
260 _c1998
300 _a
_c
650 _aGEN
654 _aCHU
942 _cLIB
_dJUS
_fJUS
_2ddc
_n
999 _c1180
_d1180